000 00418nam a2200157Ia 4500
008 240126s9999 xx 000 0 und d
022 _a0566-2257
041 _aEnglish
082 _aLIBRARY-XII
245 0 _aUniversity News (2000 -
260 _bAssociation of Indian Universities
_aNew Delhi
440 _aNULL
650 _aManagement, Education
650 _aNews,(2000,-,Management,Education
942 _cJN
999 _c270579
_d270579